000 00339nam a22001337a 4500
008 180206b xxu||||| |||| 00| 0 eng d
020 _a0312066422
041 _aeng
080 _a37
100 _a47
101 _aEDU
245 _aResources for teaching Critical strategies for academic thinking and writing
_cGross,B
942 _2udc
_cBK
999 _c41944
_d41944